Basic yoga research 1989-2007 (Record no. 1235304)

MARC details
000 -LEADER
fixed length control field 00596nam a2200217Ia 4500
005 - DATE AND TIME OF LATEST TRANSACTION
control field 20250108125005.0
008 - FIXED-LENGTH DATA ELEMENTS--GENERAL INFORMATION
fixed length control field 008 250107s9999 xx 000 0 eng d
037 ## - SOURCE OF ACQUISITION
Stock number TB
040 ## - CATALOGING SOURCE
Original cataloging agency CRL
Language of cataloging eng
Transcribing agency CRL
041 ## - LANGUAGE CODE
Language code of text/sound track or separate title eng
Source of code eng
084 ## - COLON CLASSIFICATION NUMBER
Classification number O111(Y15),1:g(S:55) P1
084 ## - COLON CLASSIFICATION NUMBER
Assigning agency CRL
245 #0 - TITLE STATEMENT
Title Basic yoga research 1989-2007
260 ## - PUBLICATION, DISTRIBUTION, ETC.
Place of publication, distribution, etc. Bihar, India
Name of publisher, distributor, etc. Yoga Publications
Date of publication, distribution, etc. 2916
300 ## - PHYSICAL DESCRIPTION
Extent x,249p.
365 ## - TRADE PRICE
Price type code INR
Price amount 395
490 ## - SERIES STATEMENT
Series statement Yoga research foundation; Vol. 3
650 ## - SUBJECT ADDED ENTRY--TOPICAL TERM
Topical term or geographic name entry element SPIRITUALISM
942 ## - ADDED ENTRY ELEMENTS (KOHA)
Koha item type Textbook
Classification part O111(Y15),1:g(S:55) P1
Holdings
Withdrawn status Lost status Damaged status Not for loan Home library Current library Date acquired Source of acquisition Cost, normal purchase price Total Checkouts Full call number Barcode Date last seen Price effective from Koha item type
        Central Library Central Library 2025-01-08 Gift, 28/09/2023, 395.00   Delta2:3 Q8 CL1698914 2025-01-08 2025-01-08 Textbook
Copyright @ Delhi University Library System